Modernització i catalanisme : la Diputació de Barcelona ara fa 100 anys / [direcció: Joan Fuster Sobrepere] la Diputació de Barcelona ara fa 100 anys / [direcció:
ISBN:
978-84-9803-386-1
Descripción Física:
125 p. : map., fot. ; 24 cm
Otros Autores:
Fuster i Sobrepere, Joan
MARC
| LEADER | 00000nam a2200000Ia 4500 | ||
|---|---|---|---|
| 001 | 22642 | ||
| 008 | 160829s2010 xx 000 0 cat d | ||
| 020 | |a 978-84-9803-386-1 | ||
| 080 | |a H-3-105 | ||
| 245 | |a Modernització i catalanisme : |b la Diputació de Barcelona ara fa 100 anys / [direcció: |b Joan Fuster Sobrepere] | ||
| 260 | |a Barcelona : |b Diputació de Barcelona, |c 2010 | ||
| 300 | |a 125 p. : |b map., fot. ; |c 24 cm | ||
| 590 | |a Catàleg de l'exposició celebrada al vestíbul de Can Serra del 6 de maig al 15 de juliol de 2010. | ||
| 590 | |a S'ha utilitzat el fons de l'Arxiu General de la Diputació de Barcelona | ||
| 650 | |a Barcelona. Diputació |x Història |x Exposicions |9 44923 | ||
| 700 | |a Fuster i Sobrepere, Joan |9 56885 | ||
| 710 | 1 | |a Barcelona (Catalunya : Província). |b Diputació |9 52408 | |
| 901 | |a Arxiu | ||
| 942 | |n 1 | ||
| 952 | |0 0 |1 0 |4 0 |6 H3105 |7 1 |9 52256 |a Arxiu |b Arxiu |d 2016-12-01 |l 0 |o H-3-105 |p 22642 |r 2016-12-01 00:00:00 |w 2016-12-01 |y ARXIU | ||
| 999 | |c 56104 |d 56104 | ||